000 00305nam a2200133Ia 4500
008 191201s2006 xx 000 0 und d
100 _aFRENCH,Wendell
245 0 _aOrganization Development
250 _aIMP 8th
260 _aN.Delhi
_bPearson
_c2006
300 _a236
650 _aMBA
942 _2ddc
_cBK
999 _c4146
_d4146